| 000 | 03818cam a2201249 4500 | ||
|---|---|---|---|
| 008 | 000000n1999 000 0 eng u | ||
| 020 | _a0750608994 | ||
| 035 | _a(Sirsi) u102535 | ||
| 050 |
_a720 _c18 |
||
| 100 | _aAdler, David | ||
| 245 |
_aMetric handbook _bplanning and design data |
||
| 250 | _a2nd ed. | ||
| 260 |
_aOxford _bArchitectural Press _c1999 |
||
| 300 |
_a1 _fv. _bill. _c30cm. |
||
| 350 | _a29.99 | ||
| 505 | _aNotation, drawing office practice and dimensional co-ordination | ||
| 505 | _aBasic design data | ||
| 505 | _aSanitary installations and cloakrooms | ||
| 505 | _aDesign for the vehicle | ||
| 505 | _aAids to pedestrian movement | ||
| 505 | _aLandscape design | ||
| 505 | _aTerminals and transport interchanges | ||
| 505 | _aFactories | ||
| 505 | _aIndustrial storage buildings | ||
| 505 | _aFarm buildings | ||
| 505 | _aOffices | ||
| 505 | _aLaw courts | ||
| 505 | _aRetail trading | ||
| 505 | _aPayment and counselling offices | ||
| 505 | _aPublic service buildings | ||
| 505 | _aPrimary health care | ||
| 505 | _aHospitals | ||
| 505 | _aEating and drinking | ||
| 505 | _aStudios for sound and vision | ||
| 505 | _aAuditoria | ||
| 505 | _aCommunity centres | ||
| 505 | _aSwimming | ||
| 505 | _aBoating | ||
| 505 | _aOutdoor sports and stadia | ||
| 505 | _aIndoor sports | ||
| 505 | _aEquestrian design | ||
| 505 | _aPlaces of worship | ||
| 505 | _aSchools | ||
| 505 | _aHigher education | ||
| 505 | _aLaboratories | ||
| 505 | _aMuseums, galleries and temporary exhibition spaces | ||
| 505 | _aLibraries and information centres | ||
| 505 | _aHouses and flats | ||
| 505 | _aStudent housing and housing for young people | ||
| 505 | _aHomes for old people | ||
| 505 | _aHotels | ||
| 505 | _aTropical design | ||
| 505 | _aThermal environment | ||
| 505 | _aLight | ||
| 505 | _aSound | ||
| 505 | _aStructure | ||
| 505 | _aFire | ||
| 505 | _aSecurity | ||
| 505 | _aAccess for maintenance | ||
| 505 | _aService distribution | ||
| 505 | _aMaterials | ||
| 505 | _aThe SI system | ||
| 505 | _aConversion factors and tables | ||
| 505 | _aList of contributors | ||
| 520 | _aSecond edition, although there have been several revisions since it was first published as "AJ metric handbook" in 1968, of this essential design reference tool. Each chapter includes illustrations of ideal layouts and dimensions for different types of building. Includes references to key legislation and standards setting out minimum space requires and further reading. | ||
| 650 | _aDESIGN DATA | ||
| 650 | _aERGONOMICS | ||
| 650 | _aSPACE PLANNING | ||
| 650 | _aSPATIAL DATA | ||
| 690 | _aBUILT ENVIRONMENT-CONSTRUCTION DESIGN | ||
| 700 |
_aAdler, David _xEditor |
||
| 700 | _aLittlewood, Michael | ||
| 700 | _aBlow, Chris | ||
| 700 | _aDrury, Jolyon | ||
| 700 | _aWeller, John | ||
| 700 | _aRainford, Christopher | ||
| 700 | _aLawson, Fred | ||
| 700 | _aMontefiore, Derek | ||
| 700 | _aNoble, Ann | ||
| 700 | _aGlanville, Rosemary | ||
| 700 | _aHoward, Anthony | ||
| 700 | _aRawson, John | ||
| 700 | _aBardbeer, Frank | ||
| 700 | _aBinns, David | ||
| 700 | _aAppleton, Ian | ||
| 700 | _aAveline, Joe | ||
| 700 | _aTanner, Jim | ||
| 700 | _aPerrin, Gerald A | ||
| 700 | _aAckroyd, Peter | ||
| 700 | _aSheard, Rod | ||
| 700 | _aAl-Samarraie, Atba | ||
| 700 | _aHawkins, Guy | ||
| 700 | _aBranton, Tony | ||
| 700 | _aBissell, Chris | ||
| 700 | _aMatthews, Geoffrey | ||
| 700 | _aChown, Ian | ||
| 700 | _aPride, Liz | ||
| 700 | _aSmith, Ian | ||
| 700 | _aJones, Phil | ||
| 700 | _aEvans, Martin | ||
| 700 | _aLynes, Joe | ||
| 700 | _aSpring, Neil | ||
| 700 | _aMenzies, Beryl | ||
| 710 |
_aAlan Tye Design Ltd _94676 |
||
| 710 | _aDEGW | ||
| 942 | _n0 | ||
| 999 |
_c100057 _d100057 |
||